Pulang bersamamu

Bibliographic Details
Main Author: AHMAD Hj. Kaba
Format: Book
Published: Kuala Lumpur : DBP , 1992
Subjects:

MARC

LEADER 00000cam a2200000 7i4500
001 0000001833
005 20020206.0
020 0 0 |a 983-62-2781-4 
090 0 0 |a 899.28   |b AHM 1992 
100 0 0 |a AHMAD Hj. Kaba 
245 1 0 |a Pulang bersamamu   |c Ahmad Haji Kaba 
260 0 0 |a Kuala Lumpur :   |b DBP ,   |c 1992 
300 |a 88 p. ;   |c 19 cm. 
650 0 0 |a Malay fiction 
998 |a JPSM 
999 |a 0000000203   |b Monograph   |c Open Shelf   |e Default branch